000 00729nam a2200265Ia 4500
003 OSt
005 20220925215631.0
006 a|||||r|||| 00| 0
007 ta
008 220923b |||||||| |||| 00| 0 eng d
020 _a186064547X
037 _cGeneral Book
040 _aRTL
_cRTL
_beng
041 _2eng
_aeng
082 _aU6.677.P, P3
100 _aIbrahim Fouad
_9283181
245 0 _aEgypt
_bEconomic geography
260 _aLondon
_bI B Tauris U K
_c2003
300 _ax,285p.
_ccm.
500 _aBib p. 255-79
650 _aEconomic Geography
700 _a Ibrahim Barbara
_9153451
942 _hU6.677.P, P3
_cGB
_2CC
999 _c569288
_d569288